00489nam a2200169Ia 4500003000900000008004100009020001800050040001600068080001700084100001400101245010300115260004200218300001000260650001300270650001300283700002300296IN-BaIIA211028s9999 xx 000 0 eng d a81-7000-245-1 cIIA Library a519.682bAMB aAmba, S.  0aCDS/ISISba primercS. Amba and K. S. Raghavan  aNew DelhibEss Ess Publicationsc1999 a173p. aCDS/ISIS aSoftware aRaghavan, K. S.